[Event "43rd Blackpool Chess Conference 2019"]
[Site "Blackpool"]
[Date "2019.03.09"]
[Round "2.1"]
[White "Watson, Phil R"]
[Black "Hebden, Mark L"]
[Result "1/2-1/2"]
[WhiteElo "2132"]
[BlackElo "2417"]
[Annotator "TA"]
[PlyCount "153"]
[EventDate "2019.03.08"]
[EventType "swiss"]
[EventCountry "ENG"]
[SourceTitle "playchess.com"]
[Source "ChessBase"]
[SourceQuality "1"]

{[%evp 17,153,53,75,0,0,0,-4,-54,-40,-43,-38,-42,-47,-45,-55,-43,0,0,0,0,0,-3,-6,-8,-7,-4,0,-10,-7,-7,0,0,64,56,97,81,82,93,108,79,110,99,99,99,87,70,72,69,69,69,121,114,117,7,80,8,5,7,8,8,8,8,8,8,55,48,43,43,43,43,191,182,268,254,337,219,247,268,235,262,237,237,289,297,288,269,319,313,269,257,218,195,319,72,80,88,91,86,115,81,238,94,131,75,109,0,0,0,0,0,0,0,0,0,0,0,0,0,0,0,0,0,0,0,0,0,0,0,0,0,0,0,0,0,0,0,0,0]} 1. d4 Nf6 2. c4 g6 3. Nc3 Bg7 4. e4 d6 5. f3 O-O 6. Bg5 c5 7. d5 e6 8. Qd2 exd5 9. Nxd5 Be6 {LiveBook: 83 Games} 10. Nxf6+ {E81: King's Indian: Sämisch: 6th move deviations (including 6 Be3 c6)} (10. Ne2 $16) (10. Ne2 Bxd5 11. cxd5 b5 12. Nc3 a6 13. Rc1 Nbd7 14. b3 Qb6 15. Be2 Rfc8 16. O-O Ne8 17. Kh1 Qa5 18. Rc2 Nb6 19. Be3 {0-1 (36) Riazantsev,A (2678)-Morozevich,A (2731) Moscow 2014}) 10... Bxf6 $11 11. Bxf6 Qxf6 12. Bd3 Nc6 13. Ne2 Ne5 14. O-O-O $146 ({Predecessor:} 14. Rc1 Nxd3+ 15. Qxd3 Qxb2 16. O-O Qxa2 17. f4 f5 18. exf5 Bxf5 {0-1 (33) Thelen,T (2066)-Wisskirchen,A (2205) Germany 2013}) 14... Nxc4 15. Bxc4 Bxc4 16. Qc3 Qxc3+ (16... Qe6 {with more complications.} 17. Nf4 Qe5 18. Qxc4 Qxf4+ 19. Kb1 b6) 17. Nxc3 Rfd8 18. b3 $36 {[%mdl 2048] White has some pressure.} Be6 19. Rd2 Kf8 20. Rhd1 Ke7 21. Nb5 c4 22. Kb2 cxb3 23. axb3 a5 24. Nxd6 a4 (24... f6 $11) 25. bxa4 $14 Rdb8 26. Rd4 Ra6 27. Nb5 Rc8 28. R1d2 Rc5 29. Rb4 Bd7 30. Nc3 Bc6 31. Kb3 h5 32. h4 f5 33. exf5 gxf5 (33... Rxf5 $14 34. Re2+ Kf7) 34. Re2+ Kf6 35. Nb5 ({Better is} 35. f4 $16) 35... Rc1 (35... Bd5+ $11 36. Ka3 Rc1) 36. Rd4 (36. Nc3 $16) 36... Rb1+ $1 $11 37. Rb2 Ra1 38. Nc3 Rb6+ $1 39. Rb4 Rxb4+ 40. Kxb4 {[%mdl 4096] Endgame KRB-KRN} Rh1 41. a5 Ke5 42. Kc5 Rc1 43. Rb3 Ra1 ({Black should try} 43... Rc2 $1 $14) 44. Kb6 $18 Kd4 (44... Kf6 $142 45. Rb4 Ke7) 45. Ne2+ Kc4 46. Rb2 Ra4 47. Ng3 Kc3 {[#]} 48. Rb1 $1 Kc2 49. Rh1 Rb4+ 50. Kc7 Rc4 51. Kd6 (51. Nxf5 Be4+ 52. Kb8 Bxf5 $11) 51... Rd4+ 52. Ke7 Rd7+ 53. Kf6 Rd6+ 54. Kg5 (54. Kxf5 $6 Rd5+ 55. Kf4 Rxa5) 54... Rd2 (54... Rd5 $142 55. Ra1 (55. Nxf5 Rxa5 56. Rf1 Kd2 $16) (55. Nxh5 f4+ 56. Kh6 Rxa5 $16) 55... f4+ 56. Kxf4 Kb2) 55. Kxh5 $2 ({Not} 55. Nxf5 Rxg2+ 56. Kxh5 Bxf3+ 57. Kh6 Kd2 $16) (55. Rh2 $18) 55... Rxg2 $16 56. Nxf5 Bxf3+ 57. Kh6 Kd3 58. h5 {[%cal Bh4h5,Bh5h6][%mdl 32]} Bc6 $2 (58... Rf2 $16 {was worth a try.} 59. Rh4 Be4) 59. Ne7 (59. Rh3+ $18 Ke4 60. Ne7) 59... Be4 {[#]} 60. Rh3+ (60. Ra1 $142 $1) 60... Kd4 61. Ng6 (61. Rh4 $16) 61... Ra2 $11 {The position is equal.} 62. Kg7 {aiming for h6.} (62. Nf4 {feels hotter.} Rxa5 63. Ne2+ Kd5 64. Rb3 b5 65. Kg5) 62... Rxa5 63. h6 {h7 is the strong threat.} Bxg6 64. Kxg6 {KR-KR} Ra6+ 65. Kg7 {And now h7 would win.} b5 {[%cal Bb7b5,Bb5b4,Bb4b3,Bb3b2][%mdl 32]} 66. h7 Ra7+ 67. Kf6 Rxh7 68. Rxh7 {KR-KP} b4 69. Rb7 Kc3 70. Ke5 b3 71. Ke4 b2 72. Ke3 Kc2 73. Rc7+ Kd1 74. Rd7+ Kc2 75. Rd2+ Kc1 76. Rxb2 Kxb2 77. Kd4 {Accuracy: White = 55%, Black = 55%.} 1/2-1/2

[Event "43rd Blackpool Chess Conference 2019"]
[Site "Blackpool"]
[Date "2019.03.09"]
[Round "2.3"]
[White "Okhai, Shabir"]
[Black "McPhillips, Joseph"]
[Result "0-1"]
[WhiteElo "2073"]
[BlackElo "2407"]
[Annotator "NA"]
[PlyCount "76"]
[EventDate "2019.03.08"]
[EventType "swiss"]
[EventCountry "ENG"]
[SourceTitle "playchess.com"]
[Source "ChessBase"]
[SourceQuality "1"]
[TimeControl "6600+10"]

1. e4 {[%emt 0:01:55]} e6 {[%emt 0:00:00]} 2. d4 {[%emt 0:00:05]} d5 {[%emt 0:00:00]} 3. Nc3 {[%emt 0:01:08]} Nf6 {[%emt 0:00:04]} 4. e5 {[%emt 0:00:05]} Nfd7 {[%emt 0:00:05]} 5. f4 {[%emt 0:00:06]} c5 {[%emt 0:00:05]} 6. Nf3 {[%emt 0:00:03]} Nc6 {[%emt 0:00:05]} 7. Be3 {[%emt 0:00:04]} Be7 {[%emt 0:00:13]} 8. Qd2 {[%emt 0:00:06]} O-O {[%emt 0:00:08]} 9. dxc5 {[%emt 0:00:20]} Qa5 {[%emt 0:03:45] C11: French: Classical System: 4 e5 and 4 Bg5 dxe4} 10. a3 {[%emt 0:01:04]} Nxc5 $146 {[%emt 0:04:18]} ({Predecessor:} 10... Bxc5 11. Bxc5 Nxc5 12. Bd3 Bd7 13. O-O Nxd3 14. cxd3 Rac8 15. Qf2 Qa6 16. Rad1 b5 17. f5 exf5 18. Nxd5 {1-0 (37) Anand,V (2773)-Christiansen,J (2555) St Petersburg 2018}) 11. Nd4 {[%emt 0:08:30]} Qc7 {[%emt 0:04:34]} 12. Ndb5 {[%emt 0:04:59]} Qb8 {[%emt 0:02:00]} 13. Qf2 {[%emt 0:02:47]} b6 {[%emt 0:02:32]} 14. Be2 {[%emt 0:09:40]} f6 {[%emt 0:17:12]} 15. Nd4 {[%emt 0:04:45]} Nxe5 {[%emt 0:08:48]} 16. fxe5 {[%emt 0:04:06]} (16. b4 $11 Nb7 17. f5 (17. fxe5 fxe5 {[%mdl 64] Discovered Attack} 18. Nf3 e4 $17)) 16... fxe5 {[%emt 0:00:46]} 17. Nc6 {[%emt 0:05:17]} (17. Nf3 $17 e4 18. O-O-O) 17... Rxf2 {[%emt 0:00:28]} 18. Nxb8 {[%emt 0:01:26] [#]} Rxe2+ $1 {[%emt 0:01:38]} 19. Nxe2 {[%emt 0:01:11]} Rxb8 {[%emt 0:00:02]} 20. Ng3 {[%emt 0:07:51]} Ba6 {[%emt 0:02:05]} 21. O-O-O {[%emt 0:01:45]} Rc8 {[%emt 0:02:10]} 22. Kb1 {[%emt 0:01:44]} Bh4 $17 {[%emt 0:01:47]} 23. Bf2 {[%emt 0:04:28]} Rf8 {[%emt 0:05:42]} 24. Be1 {[%emt 0:01:34]} g6 {[%emt 0:02:41]} 25. Ne4 {[%emt 0:05:45]} Nxe4 {[%emt 0:03:29]} 26. Bxh4 {[%emt 0:00:07]} Nf2 {[%emt 0:00:10]} 27. Bxf2 {[%emt 0:01:01]} Rxf2 {[%emt 0:00:04]} 28. Rde1 {[%emt 0:03:17]} e4 {[%emt 0:00:10]} 29. Rhg1 {[%emt 0:00:08]} Kg7 {[%emt 0:00:44]} 30. b3 {[%emt 0:04:12]} Be2 {[%emt 0:03:27]} 31. Kc1 {[%emt 0:10:38]} d4 {[%emt 0:02:17]} 32. g4 {[%emt 0:02:27]} Kf6 {[%emt 0:04:08]} 33. Rg3 {[%emt 0:03:10]} Rxh2 {[%emt 0:01:13]} 34. Rgg1 {[%emt 0:03:35]} Bf3 {[%emt 0:00:50]} 35. Rgf1 {[%emt 0:00:24]} Kg5 {[%emt 0:00:37]} 36. Rg1 {[%emt 0:00:13]} e5 {[%emt 0:01:09]} 37. b4 {[%emt 0:00:34]} e3 {[%emt 0:00:48]} 38. Rg3 {[%emt 0:01:00]} Be4 {[%emt 0:00:58]} 0-1

[Event "43rd Blackpool Chess Conference 2019"]
[Site "Blackpool"]
[Date "2019.03.09"]
[Round "2.4"]
[White "Merriman, John"]
[Black "White, Stuart A"]
[Result "0-1"]
[WhiteElo "2238"]
[BlackElo "2108"]
[Annotator "NA"]
[PlyCount "158"]
[EventDate "2019.03.08"]
[EventType "swiss"]
[EventCountry "ENG"]
[SourceTitle "playchess.com"]
[Source "ChessBase"]
[SourceQuality "1"]
[TimeControl "6600+10"]

1. d4 {[%emt 0:00:00]} d5 {[%emt 0:00:00]} 2. c4 {[%emt 0:00:00]} c6 {[%emt 0:00:00]} 3. Nc3 {[%emt 0:00:02]} Nf6 {[%emt 0:00:00]} 4. e3 {[%emt 0:00:08]} Bf5 {[%emt 0:00:33]} 5. Qb3 {[%emt 0:09:16]} Qb6 {[%emt 0:00:14]} 6. c5 {[%emt 0:01:44]} Qc7 {[%emt 0:01:10]} 7. Na4 {[%emt 0:23:49]} Nbd7 {[%emt 0:01:52]} 8. Bd2 {[%emt 0:00:31]} e5 $15 {[%emt 0:10:34]} 9. Nf3 {[%emt 0:08:07]} e4 {[%emt 0:06:24]} 10. Ng1 {[%emt 0:06:03]} Be7 {[%emt 0:11:52]} 11. Ne2 {[%emt 0:02:43]} Bg4 {[%emt 0:04:59]} 12. Qc2 {[%emt 0:02:42]} O-O {[%emt 0:03:02]} 13. Nf4 {[%emt 0:05:44]} g5 {[%emt 0:06:08]} 14. Ne2 {[%emt 0:00:34]} Ne8 {[%emt 0:02:59]} 15. Nac3 {[%emt 0:01:27]} Bh5 {[%emt 0:04:18]} 16. h4 {[%emt 0:05:46]} Ng7 {[%emt 0:11:16]} 17. hxg5 {[%emt 0:02:49]} Bxg5 {[%emt 0:00:23]} 18. f4 {[%emt 0:05:50]} Bd8 {[%emt 0:15:55]} 19. Ng3 {[%emt 0:05:59]} Bg4 {[%emt 0:00:31]} 20. Be2 {[%emt 0:01:10]} Bxe2 {[%emt 0:00:47]} 21. Ncxe2 {[%emt 0:00:15]} f5 {[%emt 0:01:08]} 22. Nh5 {[%emt 0:00:16]} Nf6 {[%emt 0:00:50]} 23. Neg3 {[%emt 0:09:11]} Ng4 {[%emt 0:02:57]} 24. Qd1 {[%emt 0:01:31]} Qf7 {[%emt 0:00:52]} 25. Qe2 {[%emt 0:00:45]} Qg6 {[%emt 0:03:28]} 26. Rh3 {[%emt 0:01:33]} Ne6 {[%emt 0:04:37]} 27. Bc3 {[%emt 0:04:00]} Kf7 {[%emt 0:05:05]} 28. O-O-O {[%emt 0:04:32]} Be7 {[%emt 0:01:23]} 29. Bd2 {[%emt 0:04:00]} Ke8 {[%emt 0:01:31]} 30. Nh1 {[%emt 0:01:19]} Rg8 {[%emt 0:01:06]} 31. Rg1 {[%emt 0:00:27]} Kd7 {[%emt 0:01:38]} 32. Nf2 {[%emt 0:00:09]} Ng7 {[%emt 0:01:54]} 33. Ng3 {[%emt 0:01:30]} h5 {[%emt 0:00:24]} 34. Nxg4 {[%emt 0:00:29]} fxg4 {[%emt 0:01:26]} 35. Rhh1 {[%emt 0:00:32]} h4 {[%emt 0:00:08]} 36. Nf1 {[%emt 0:00:04]} Nf5 {[%emt 0:00:03]} 37. g3 {[%emt 0:00:30]} h3 {[%emt 0:00:40]} 38. Rh2 {[%emt 0:00:26]} Rab8 {[%emt 0:00:13]} 39. Bc3 {[%emt 0:00:21]} Qe8 {[%emt 0:00:55]} 40. Qc2 {[%emt 0:00:02]} b6 {[%emt 0:00:08]} 41. b4 {[%emt 0:00:09]} Qc8 {[%emt 0:00:33]} 42. Qa4 {[%emt 0:00:06]} Qb7 {[%emt 0:00:05]} 43. Rc2 {[%emt 0:00:17]} Bf6 {[%emt 0:00:35]} 44. Bb2 {[%emt 0:00:19]} Ra8 {[%emt 0:00:14]} 45. b5 {[%emt 0:00:08]} Rgc8 {[%emt 0:00:42]} 46. Rh1 {[%emt 0:00:13]} bxc5 {[%emt 0:00:50]} 47. bxc6+ {[%emt 0:00:09]} Qxc6 {[%emt 0:00:09]} 48. Qxc6+ {[%emt 0:00:08]} Rxc6 {[%emt 0:00:01]} 49. dxc5 {[%emt 0:00:02]} Bxb2+ {[%emt 0:00:07]} 50. Kxb2 {[%emt 0:00:01]} Rb8+ {[%emt 0:00:01]} 51. Kc1 {[%emt 0:00:07]} Rb5 {[%emt 0:00:01]} 52. Kd2 {[%emt 0:00:11]} Rbxc5 {[%emt 0:00:01]} 53. Rb2 {[%emt 0:00:04]} Rb6 {[%emt 0:00:02]} 54. Rxb6 {[%emt 0:00:50]} axb6 {[%emt 0:00:01]} 55. Nh2 {[%emt 0:00:00]} Nh6 {[%emt 0:00:37]} 56. Rb1 {[%emt 0:00:00]} Kc6 {[%emt 0:00:02]} 57. Rb2 {[%emt 0:00:00]} Ra5 {[%emt 0:00:27]} 58. Rc2+ {[%emt 0:00:09]} Kd7 {[%emt 0:00:04]} 59. Rb2 {[%emt 0:00:02]} b5 {[%emt 0:00:03]} 60. Kc3 {[%emt 0:00:27]} Kc6 {[%emt 0:00:15]} 61. Kd4 {[%emt 0:00:04]} Nf5+ {[%emt 0:00:14]} 62. Ke5 {[%emt 0:00:05]} Nxe3 {[%emt 0:00:02]} 63. Re2 {[%emt 0:00:08]} Nc4+ {[%emt 0:00:08]} 64. Ke6 {[%emt 0:00:07]} Ra3 {[%emt 0:00:09]} 65. Nxg4 {[%emt 0:00:11]} Rxg3 {[%emt 0:00:14]} 66. Ne5+ {[%emt 0:00:29]} Nxe5 {[%emt 0:00:13]} 67. fxe5 {[%emt 0:00:02]} Rg2 {[%emt 0:00:01]} 68. Re1 {[%emt 0:00:02]} h2 {[%emt 0:00:11]} 69. Rc1+ {[%emt 0:00:06]} Kb6 {[%emt 0:00:08]} 70. Rh1 {[%emt 0:00:32]} d4 {[%emt 0:00:01]} 71. Kd5 {[%emt 0:00:02]} d3 {[%emt 0:00:32]} 72. e6 {[%emt 0:00:16]} d2 {[%emt 0:00:23]} 73. e7 {[%emt 0:00:10]} Rg1 {[%emt 0:00:13]} 74. e8=Q {[%emt 0:00:28]} d1=Q+ {[%emt 0:00:04]} 75. Ke5 {[%emt 0:00:00]} Qa1+ {[%emt 0:00:23]} 76. Kf5 {[%emt 0:00:02]} Qf1+ {[%emt 0:00:09]} 77. Ke5 {[%emt 0:00:05]} Rg5+ {[%emt 0:00:21]} 78. Ke6 {[%emt 0:00:12]} Qf5+ {[%emt 0:00:02]} 79. Kd6 {[%emt 0:00:03]} Rg6+ {[%emt 0:01:29]} 0-1

[Event "43rd Blackpool Chess Conference 2019"]
[Site "Blackpool"]
[Date "2019.03.09"]
[Round "2.5"]
[White "Molano Lafuente, Ismael"]
[Black "Han, Yichen"]
[Result "1-0"]
[WhiteElo "1956"]
[BlackElo "2190"]
[Annotator "TA"]
[PlyCount "91"]
[EventDate "2019.03.08"]
[EventType "swiss"]
[EventCountry "ENG"]
[SourceTitle "playchess.com"]
[Source "ChessBase"]
[SourceQuality "1"]

{[%evp 11,91,-16,13,28,22,-35,-30,-16,-20,-29,6,0,14,-33,-26,-25,-7,-7,0,0,58,40,37,-35,-27,-47,-18,-48,-47,-37,0,0,0,0,0,0,0,0,25,20,16,0,16,0,0,0,26,0,47,42,85,25,99,0,65,0,91,84,227,218,227,101,247,268,260,258,286,286,373,275,373,371,371,365,337,327,320,310,904,855,834,814]} 1. d4 Nf6 2. Nf3 g6 3. Nc3 d5 4. Bf4 Bg7 5. Qd2 O-O 6. Bh6 c5 7. Bxg7 {D00: 1 d4 d5: Unusual lines} (7. dxc5 Na6 8. Bxg7 Kxg7 9. Qd4 Qa5 10. e3 Nb4 11. Bd3 Nc6 12. Qf4 Qxc5 13. h4 e5 14. Nxe5 Nxe5 15. Qxe5 {1-0 (39) Repka,C (2499)-Gallana,M (2247) Montebelluna 2018}) 7... Kxg7 8. e3 (8. dxc5 $11 Nc6 9. e3) 8... cxd4 $15 9. exd4 {Black has an edge.} Nc6 {[%cal Bb8c6,Bc6b4,Bb4d3][%mdl 32]} 10. O-O-O a6 11. Ne5 Qd6 $146 ({Predecessor:} 11... Bf5 12. Nxc6 bxc6 13. f3 Qa5 14. g4 Be6 {0-1 (25) Fronczek,B (2205)-Pielmeier,T Germany 1998}) 12. f4 b5 13. Bd3 Nb4 14. h3 Nxd3+ 15. cxd3 Nd7 ({Better is} 15... Ng8 $11) 16. Kb1 $14 f6 17. Nxd7 (17. Nf3 $14) 17... Bxd7 $15 18. Rhe1 Rae8 19. Qe3 b4 20. Ne2 e5 21. fxe5 fxe5 22. dxe5 Rxe5 23. Qd4 Kg8 {[#] aiming for ...Rfe8.} 24. Nc1 Rfe8 25. Rxe5 Rxe5 26. Rd2 a5 27. Re2 Rxe2 28. Nxe2 Bc6 29. Kc2 Bb7 30. Kd2 Qe7 31. Nf4 ({White should play} 31. g4 $16) 31... Qd6 (31... Qg5 $11 {remains equal.}) 32. Ne2 Qe7 $1 33. Nf4 Qd6 34. g3 Qc7 (34... Bc6 $16 {keeps fighting.}) 35. Qf6 $18 {[#] White wants to mate with Ne6.} ({Inferior is} 35. Nxd5 Qxg3 36. Nf6+ Kf7 $11) 35... Qg7 36. Nxd5 (36. Qd8+ $18 {has better winning chances.} Qf8 37. Qb6 (37. Qxa5 g5 $16)) 36... Qxf6 (36... Bxd5 $16 37. Qd8+ {[%mdl 64] Double Attack} Qf8 38. Qxd5+ Kg7) 37. Nxf6+ {[%mdl 4096] Endgame KB-KN} Kg7 38. Ne4 Bd5 39. a3 h6 40. Ke3 Kf7 41. axb4 axb4 42. Kd4 Ke6 43. Nc5+ Kd6 44. h4 g5 $2 (44... b3 45. Nd7 Bf7) 45. hxg5 hxg5 46. Ne4+ {Accuracy: White = 46%, Black = 27%.} 1-0

[Event "43rd Blackpool Chess Conference 2019"]
[Site "Blackpool"]
[Date "2019.03.09"]
[Round "2.6"]
[White "Ellames, Roy"]
[Black "Gayson, Peter M"]
[Result "1/2-1/2"]
[WhiteElo "2035"]
[BlackElo "2121"]
[Annotator "NA"]
[PlyCount "35"]
[EventDate "2019.03.08"]
[EventType "swiss"]
[EventCountry "ENG"]
[SourceTitle "playchess.com"]
[Source "ChessBase"]
[SourceQuality "1"]
[TimeControl "6600+10"]

1. c4 {[%emt 0:00:00]} e5 {[%emt 0:24:25]} 2. Nc3 {[%emt 0:00:40]} d6 {[%emt 0:00:30]} 3. g3 {[%emt 0:01:13]} f5 {[%emt 0:02:16]} 4. d4 {[%emt 0:03:47]} Be7 {[%emt 0:04:06]} 5. dxe5 {[%emt 0:06:43]} dxe5 {[%emt 0:00:09]} 6. Qxd8+ {[%emt 0:00:07]} Bxd8 {[%emt 0:00:07]} 7. Bg2 {[%emt 0:00:59]} c6 {[%emt 0:02:59]} 8. b3 {[%emt 0:06:13]} Nf6 {[%emt 0:02:32]} 9. Ba3 {[%emt 0:02:52]} Be7 {[%emt 0:03:45]} 10. Bxe7 {[%emt 0:01:31]} Kxe7 {[%emt 0:00:07]} 11. e3 {[%emt 0:01:08]} Be6 {[%emt 0:01:49]} 12. Nge2 {[%emt 0:06:39]} Na6 {[%emt 0:00:55]} 13. O-O {[%emt 0:01:28]} Rad8 {[%emt 0:03:06]} 14. Rad1 {[%emt 0:21:47]} Nc5 {[%emt 0:05:30]} 15. Rxd8 {[%emt 0:15:50]} Rxd8 {[%emt 0:00:16]} 16. Rd1 {[%emt 0:00:14]} Rxd1+ {[%emt 0:01:21]} 17. Nxd1 {[%emt 0:00:03]} a5 {[%emt 0:04:21]} 18. Nec3 {[%emt 0:04:31]} 1/2-1/2

[Event "43rd Blackpool Chess Conference 2019"]
[Site "Blackpool"]
[Date "2019.03.09"]
[Round "2.7"]
[White "Milson, Samuel A"]
[Black "Sucikova, Svetlana"]
[Result "1-0"]
[WhiteElo "2096"]
[BlackElo "2110"]
[Annotator "NA"]
[PlyCount "43"]
[EventDate "2019.03.08"]
[EventType "swiss"]
[EventCountry "ENG"]
[SourceTitle "playchess.com"]
[Source "ChessBase"]
[SourceQuality "1"]
[TimeControl "6600+10"]

1. e4 {[%emt 0:00:00]} c6 {[%emt 0:04:51]} 2. d4 {[%emt 0:00:02]} d5 {[%emt 0:00:24]} 3. e5 {[%emt 0:00:15]} Bf5 {[%emt 0:00:52]} 4. h4 {[%emt 0:00:09]} h5 {[%emt 0:01:49]} 5. Bd3 {[%emt 0:00:09]} Bxd3 {[%emt 0:00:29]} 6. Qxd3 {[%emt 0:00:08]} e6 {[%emt 0:00:05]} 7. Bg5 {[%emt 0:00:23]} Qb6 {[%emt 0:04:30]} 8. Nd2 {[%emt 0:00:12]} c5 {[%emt 0:00:12]} 9. c4 {[%emt 0:04:21]} Nc6 {[%emt 0:02:09]} 10. Ngf3 {[%emt 0:03:24]} Qxb2 $16 {[%emt 0:12:39]} (10... cxd4 $14 11. cxd5 Nb4) 11. O-O {[%emt 0:08:42]} Nb4 {[%emt 0:03:41]} 12. Qe2 {[%emt 0:01:35]} cxd4 {[%emt 0:05:15]} 13. cxd5 {[%emt 0:06:29]} d3 {[%emt 0:00:22]} 14. Qe4 {[%emt 0:01:37]} exd5 {[%emt 0:01:02]} 15. Qf4 {[%emt 0:00:22]} Qc3 {[%emt 0:15:14]} 16. Rab1 {[%emt 0:08:17]} Rc8 {[%emt 0:09:37]} 17. Rb3 {[%emt 0:04:10]} Qc5 {[%emt 0:08:06]} 18. a3 {[%emt 0:01:19]} Nc2 {[%emt 0:00:05]} 19. Rxb7 {[%emt 0:00:14]} Be7 {[%emt 0:01:13]} 20. e6 {[%emt 0:09:33]} fxe6 {[%emt 0:07:09]} 21. Ne5 {[%emt 0:00:19]} Nf6 {[%emt 0:00:09]} 22. Qa4+ {[%emt 0:00:10]} 1-0

[Event "43rd Blackpool Chess Conference 2019"]
[Site "Blackpool"]
[Date "2019.03.09"]
[Round "2.8"]
[White "Camp, Imogen A L"]
[Black "Fallowfield, Jeremy R"]
[Result "0-1"]
[WhiteElo "1827"]
[BlackElo "2134"]
[Annotator "NA"]
[PlyCount "108"]
[EventDate "2019.03.08"]
[EventType "swiss"]
[EventCountry "ENG"]
[SourceTitle "playchess.com"]
[Source "ChessBase"]
[SourceQuality "1"]
[TimeControl "6600+10"]

1. d4 {[%emt 0:00:00]} Nf6 {[%emt 0:00:23]} 2. c4 {[%emt 0:00:00]} g6 {[%emt 0:00:16]} 3. Nc3 {[%emt 0:00:09]} Bg7 {[%emt 0:00:09]} 4. e4 {[%emt 0:00:26]} O-O {[%emt 0:00:31]} 5. Nf3 {[%emt 0:00:26]} d6 {[%emt 0:00:08]} 6. Be2 {[%emt 0:00:12]} Nbd7 {[%emt 0:00:33]} 7. O-O {[%emt 0:00:55]} e5 {[%emt 0:00:08]} 8. d5 {[%emt 0:11:28]} Nc5 {[%emt 0:00:46]} 9. Qc2 {[%emt 0:00:43]} a5 {[%emt 0:01:36]} 10. Be3 {[%emt 0:01:58] LiveBook: 46 Games} Ng4 {[%emt 0:03:35]} 11. Ne1 $17 {[%emt 0:08:23]} (11. Bxc5 $1 $14 dxc5 12. Rad1 (12. h3 Nf6 $11)) 11... Nxe3 {[%emt 0:02:58]} 12. fxe3 {[%emt 0:00:05]} f5 {[%emt 0:09:06]} 13. exf5 {[%emt 0:04:02]} gxf5 {[%emt 0:00:24]} 14. e4 {[%emt 0:12:26]} fxe4 {[%emt 0:08:47]} 15. Rxf8+ {[%emt 0:03:34]} Bxf8 {[%emt 0:01:28]} 16. Nxe4 {[%emt 0:09:18]} Bf5 {[%emt 0:00:34]} 17. Bf3 {[%emt 0:07:58]} Bxe4 {[%emt 0:06:06]} 18. Bxe4 {[%emt 0:00:43]} Qh4 {[%emt 0:00:13]} 19. Bf3 {[%emt 0:09:05]} e4 {[%emt 0:00:38]} 20. Be2 {[%emt 0:00:19]} Bg7 {[%emt 0:00:37]} 21. g3 {[%emt 0:06:04]} Bd4+ {[%emt 0:08:45]} 22. Kh1 {[%emt 0:02:32]} Qf6 {[%emt 0:01:27]} 23. Ng2 {[%emt 0:03:19]} Rf8 {[%emt 0:01:31]} 24. Rb1 {[%emt 0:14:32]} Qf2 {[%emt 0:03:56]} 25. Nf4 {[%emt 0:03:30]} Be5 {[%emt 0:03:15]} 26. Rf1 {[%emt 0:03:10]} Qe3 {[%emt 0:01:11]} 27. Ne6 {[%emt 0:05:33]} Rxf1+ {[%emt 0:14:14]} 28. Bxf1 {[%emt 0:00:03]} Bd4 {[%emt 0:06:32]} 29. Nxd4 {[%emt 0:01:18]} Qxd4 {[%emt 0:00:02]} 30. Qe2 {[%emt 0:00:08]} e3 {[%emt 0:00:50]} 31. b3 {[%emt 0:01:06]} Nd7 {[%emt 0:16:00]} 32. Qd3 {[%emt 0:00:52]} Qf6 {[%emt 0:00:40]} 33. Qe2 {[%emt 0:00:26]} Ne5 {[%emt 0:00:29]} 34. Bg2 {[%emt 0:00:04]} Qg5 {[%emt 0:00:22]} 35. Bh3 {[%emt 0:00:19]} h5 {[%emt 0:01:02]} 36. Be6+ {[%emt 0:00:14]} Kg7 {[%emt 0:00:01]} 37. Bh3 {[%emt 0:00:07]} c6 {[%emt 0:00:36]} 38. dxc6 {[%emt 0:00:02]} bxc6 {[%emt 0:00:04]} 39. Bg2 {[%emt 0:00:06]} c5 {[%emt 0:04:15]} 40. Bf3 {[%emt 0:00:15]} Kg6 {[%emt 0:10:03]} 41. Qd1 {[%emt 0:00:08]} Nxf3 {[%emt 0:02:03]} 42. Qxf3 {[%emt 0:00:01]} Qe5 {[%emt 0:00:20]} 43. Qe2 {[%emt 0:00:11]} d5 {[%emt 0:00:21]} 44. Qd3+ {[%emt 0:00:47]} Kf6 {[%emt 0:00:05]} 45. Qe2 {[%emt 0:00:10]} d4 {[%emt 0:00:18]} 46. Kg1 {[%emt 0:00:18]} Kg5 {[%emt 0:00:10]} 47. h4+ {[%emt 0:00:12]} Kg6 {[%emt 0:00:02]} 48. Kg2 {[%emt 0:00:02]} Qe4+ {[%emt 0:00:03]} 49. Qf3 {[%emt 0:00:15]} Qe6 {[%emt 0:00:23]} 50. Qe2 {[%emt 0:00:05]} Qf5 {[%emt 0:00:13]} 51. Kg1 {[%emt 0:00:12]} Qe4 {[%emt 0:00:03]} 52. Kh2 {[%emt 0:00:06]} d3 {[%emt 0:00:03]} 53. Qf1 {[%emt 0:00:09]} Qf5 {[%emt 0:00:20]} 54. Qg2 {[%emt 0:00:19]} Qf2 {[%emt 0:00:12]} 0-1

[Event "43rd Blackpool Chess Conference 2019"]
[Site "Blackpool"]
[Date "2019.03.09"]
[Round "2.9"]
[White "Harkness, Bryan"]
[Black "Hamer, Martyn"]
[Result "1/2-1/2"]
[WhiteElo "1935"]
[BlackElo "2064"]
[Annotator "NA"]
[PlyCount "40"]
[EventDate "2019.03.08"]
[EventType "swiss"]
[EventCountry "ENG"]
[SourceTitle "playchess.com"]
[Source "ChessBase"]
[SourceQuality "1"]
[TimeControl "6600+10"]

1. e4 {[%emt 0:00:00]} e5 {[%emt 0:00:00]} 2. Nf3 {[%emt 0:00:10]} Nc6 {[%emt 0:00:03]} 3. Bb5 {[%emt 0:00:12]} a6 {[%emt 0:00:05]} 4. Bxc6 {[%emt 0:00:47]} dxc6 {[%emt 0:00:05]} 5. O-O {[%emt 0:00:14]} f6 {[%emt 0:00:22]} 6. d4 {[%emt 0:00:34]} exd4 {[%emt 0:00:10]} 7. Nxd4 {[%emt 0:00:19]} Bd6 {[%emt 0:02:43]} 8. Nc3 {[%emt 0:03:01]} Ne7 {[%emt 0:00:46]} 9. Be3 {[%emt 0:02:20]} c5 {[%emt 0:02:25]} 10. Nde2 {[%emt 0:06:04]} O-O {[%emt 0:01:27]} 11. Bf4 {[%emt 0:02:37]} Be5 {[%emt 0:04:17]} 12. Bxe5 {[%emt 0:11:07]} fxe5 {[%emt 0:00:05]} 13. Qxd8 {[%emt 0:01:22]} Rxd8 {[%emt 0:00:04]} 14. Rfd1 {[%emt 0:00:13]} Be6 $11 {[%emt 0:02:07]} 15. f3 {[%emt 0:00:48]} b6 {[%emt 0:05:07]} 16. Kf2 {[%emt 0:02:27]} Rd6 {[%emt 0:10:02]} 17. Rxd6 {[%emt 0:03:47]} cxd6 {[%emt 0:00:04]} 18. Rd1 {[%emt 0:00:22]} Rd8 {[%emt 0:01:20]} 19. a3 {[%emt 0:02:35]} b5 {[%emt 0:03:24]} 20. Nd5 {[%emt 0:01:23]} Nxd5 {[%emt 0:03:07]} 1/2-1/2